| 000 | 00761nam a22002297a 4500 | ||
|---|---|---|---|
| 003 | OSt | ||
| 005 | 20260120073951.0 | ||
| 008 | 210309b2020 dr ||||| |||| 00| 0 spa d | ||
| 020 | _a9789945096392 | ||
| 040 |
_aDO-SdBNP _bspa _cBNPHU |
||
| 082 | 4 |
_a248.4 _bE92q _222 |
|
| 100 | 1 | 0 |
_aEval Pèrez, Pastor _978042 |
| 245 | 1 | 0 |
_aQuebrantando la miseria : _bla caída de mammón / _cPastor Eval Pérez ; prólogo apóstol Joel González Marileo. |
| 260 |
_aSanto Domingo : _bOkyanusmediagroup, _c2020 |
||
| 300 |
_a138 p. ; _c22 cm |
||
| 590 | _aInventariado, 2022/MFF | ||
| 650 | 0 |
_aVida espiritual _9268 |
|
| 650 | 0 |
_aVida cristiana _9668 |
|
| 700 |
_aGonzález Marileo, Joel, _epról. _981389 |
||
| 910 | _aDG/Validado. Control de calidad MFF | ||
| 942 |
_2ddc _cLBS1 |
||
| 999 |
_c49519 _d49519 |
||